Ťažba, manipulácia a sústreďovanie dreva z porastov šľachtených topoľov

Bibliographic Details
Main Authors: Haláth, Ján (Author), Mláka, Ján (Author)
Format: Article
Language:Slovak

MARC

LEADER 00000nab a2200000uu 4500
001 vtls011500847
003 SK-MaSNL
005 20260303105658.0
008 230121|1974 xo |||||||||||||||||slo|
015 |a SNBRB 
035 |a (urnnbn)urn:nbn:sk:snk:ar-a0afs9 
035 |a (uuid)732aec0e-edf3-4421-b4a8-78c7c4f4ddd6 
035 |a urn:nbn:sk:snk-abdvbu 
040 |a SNKBUCL  |b slo  |c SNKBUCL  |e AACR2 
041 0 |a slo 
044 |a xo  |c SK 
100 1 |a Haláth, Ján  |4 aut  |9 369384 
245 1 0 |a Ťažba, manipulácia a sústreďovanie dreva z porastov šľachtených topoľov  |c Ján Haláth, Ján Mláka 
700 1 |a Mláka, Ján  |4 aut  |9 678347 
773 0 |t Les : časopis pre lesné hospodárstvo  |g Roč. 30, č. 8 (1974), s. 356-360 
954 |a odborná, vedecká literatúra pôvodná (slovenská)  |2 lita 
958 |a OND 
958 |a EUIPO 
958 |a article20 
999 |c 1864539  |d 1866469